Best National Parks In Australia - Statistics

General Stats
  • This quiz has been taken 38 times
  • The average score is 3 of 10
Answer Stats
State/Territory National Park % Correct
Northern Territory Kakadu National Park
93%
Queensland Daintree National Park
45%
Tasmania Cradle Mountain-Lake St Clair NP
41%
Northern Territory Uluru-Kata Tjuta National Park
38%
Tasmania Freycinet National Park
28%
Queensland Great Sandy National Park
21%
New South Wales Kosciuszko National Park
21%
Victoria Port Campbell National Park
10%
Western Australia Purnululu National Park
7%
Western Australia Nambung National Park
3%
No matching quizzes found
Score Distribution
Percent of People with Each Score
Percentile by Number Answered
Your Score History
You have not taken this quiz